LEADER 01025nam a2200253 i 4500 001 000000172603 003 CaOOAMICUS 005 20081104000000.0 008 081104s1967 it u000 u ita u 013 $a150045 040 $aSeMil$bita 100 1 $aBacchelli, Riccardo,$d<1891-1985>.$0(OLS)http://semarc/name/1548 245 10$aPagine bolognesi /$cRiccardo Bacchelli. 260 $a[S.l.] :$bAlmanacco Torriani,$c1967$e(Milano ; Roma :$fTorriani & C.,$g1967) 300 $a83 p. :$bill. ;$c27 cm. 490 0 $aI libri del tempo ;$v12. 500 $aIn mezzo al front : Illustrazioni di Golpe. - Fondo card. Giovanni Colombo. 830 2$aI libri del tempo ;$v12.$0(OLS)http://semarc/title/26654 850 $aSeMil 852 $aSeMil$W1$xVenegono$y1$m1A VI 154$j236713$B123457$CSeMilBibl$Z2$F139428 $81 941 1 $a3 961 $aLascito: Colombo Card. Giovanni 996 $6245$aPagine bolognesi$9(OLS)http://semarc/title/247209 996 $6260$a[S.l.] :$bAlmanacco Torriani$9(OLS)http://semarc/publisher/49133 LEADER 01217nam a2200289 i 4500 001 000000114536 003 CaOOAMICUS 005 20030422000000.0 008 030422s1991 gw u000 u ger u 013 $a87223 020 $a3-7022-1786-X 040 $aSeMil$bita 245 10$aÖffnung zum Heute :$bdie Kirche nach dem Konzil /$cHerausgegeben von Ursula Struppe und Josef Weismayer. 260 $aInnsbruck ; Wien :$bTyrolia,$c1991. 300 $a133 p. ;$c21 cm. 500 $aFondo Card. C.M. Martini. 650 4$aConcilio Vaticano II <1962-1965> - Influssi.$0(OLS)http://semarc/subject/4480 650 4$aChiesa cattolica.$0(OLS)http://semarc/subject/3079 700 1 $aWeismayer, Josef.$0(OLS)http://semarc/name/19271 700 1 $aStruppe, Ursula.$0(OLS)http://semarc/name/47877 850 $aSeMil 852 $aSeMil$W1$xVenegono$y1$m2D III 52$j70095$B70095$CSeMilBibl$Z2$F90085 $81 941 1 $a4 961 $aOmaggio: Martini Card. Carlo Maria 996 $6020$a3-7022-1786-X$9(OLS)http://semarc/number/97891 996 $6245$aÖffnung zum Heute :$bdie Kirche nach dem Konzil$9(OLS)http://semarc/title/167444 996 $6260$aInnsbruck ; Wien :$bTyrolia$9(OLS)http://semarc/publisher/32213